[Event "39 Mar del Plata open"]
[Site "?"]
[Date "2008.03.16"]
[Round "2"]
[White "Juarez, Carlos Eleodoro"]
[Black "Paveto, Kevin"]
[Result "0-1"]
[WhiteElo "2170"]
[BlackElo "1956"]
[PlyCount "74"]

1. e4 e5 2. Nf3 Nc6 3. Bb5 a6 4. Ba4 Nf6 5. O-O b5 6. Bb3 Be7 7. Re1 O-O 8. a4
Bb7 9. d3 d6 10. c3 Na5 11. Bc2 c5 12. Nbd2 Re8 13. Nf1 Bf8 14. Ng3 Rc8 15. Bg5
Nc6 16. Nf5 h6 17. Bh4 g6 18. Ne3 Bg7 19. Nd5 g5 20. Nxf6+ Bxf6 21. Bg3 Ne7 22.
h4 g4 23. Nh2 h5 24. f3 Ng6 25. fxg4 Bxh4 26. Bxh4 Nxh4 27. g3 Ng6 28. gxh5 Ne7
29. Rf1 f5 30. exf5 Nd5 31. Qg4+ Kh8 32. Qg6 Rc7 33. g4 Rg8 34. Qh6+ Rh7 35.
Qd2 Qh4 36. Qf2 Qxh5 37. axb5 Rxg4+ 0-1

[Event "39 Mar del Plata open"]
[Site "?"]
[Date "2008.03.16"]
[Round "2"]
[White "Koch, Juan Enrique"]
[Black "Musanti, Diego"]
[Result "0-1"]
[WhiteElo "2054"]
[BlackElo "2314"]
[PlyCount "87"]

1. c4 e6 2. g3 d5 3. Bg2 dxc4 4. Nf3 Nf6 5. O-O Be7 6. Qc2 a6 7. a4 Nbd7 8. Na3
Nb6 9. Nxc4 Nxc4 10. Qxc4 O-O 11. d3 b5 12. Qc2 Bb7 13. axb5 axb5 14. Rxa8 Bxa8
15. Be3 Bd6 16. Rc1 Nd7 17. Nd4 Bxg2 18. Kxg2 Qa8+ 19. Qc6 Qxc6+ 20. Nxc6 Ra8
21. Na7 b4 22. Nb5 Ra2 23. Nxd6 cxd6 24. Rc8+ Nf8 25. Bc1 f5 26. Rb8 Kf7 27.
Rxb4 e5 28. Rb7+ Kf6 29. Bd2 Ke6 30. e4 fxe4 31. dxe4 Nd7 32. Be3 d5 33. Bg5 h6
34. Be3 h5 35. h3 Ra1 36. Bg5 Rd1 37. b4 Ra1 38. Kf3 Ra3+ 39. Be3 Rb3 40. b5
Rb4 41. b6 Nf6 42. Rxg7 Nxe4 43. Rh7 Nf6 44. b7 0-1

[Event "39 Mar del Plata open"]
[Site "?"]
[Date "2008.03.16"]
[Round "2"]
[White "Leskovar, Matias"]
[Black "Fernandez, Maria Florencia"]
[Result "1-0"]
[WhiteElo "2281"]
[BlackElo "2037"]
[PlyCount "67"]

1. d4 d6 2. e4 Nf6 3. Nc3 g6 4. f4 Bg7 5. Nf3 O-O 6. Bd3 Nc6 7. e5 dxe5 8. dxe5
Nd5 9. O-O Ncb4 10. Be4 c6 11. Qe1 Qb6+ 12. Kh1 Bg4 13. Nxd5 Nxd5 14. Qh4 Bxf3
15. Rxf3 Qd4 16. Bd3 Bxe5 17. Rh3 h5 18. fxe5 Qxe5 19. Bh6 Qxb2 20. Rf1 Rfd8
21. Rhf3 Nf6 22. Bg5 Rd6 23. Rxf6 exf6 24. Bxf6 Qxa2 25. Bc4 Rxf6 26. Rxf6 Qa1+
27. Rf1 Qg7 28. Rxf7 Qxf7 29. Bxf7+ Kxf7 30. Qf4+ Ke6 31. Qc4+ Kf6 32. Qc3+ Kg5
33. Qe5+ Kh6 34. Qe3+ 1-0

[Event "39 Mar del Plata open"]
[Site "?"]
[Date "2008.03.16"]
[Round "2"]
[White "Miracca, Juan Pablo"]
[Black "Gallego, Gonzalo"]
[Result "0-1"]
[WhiteElo "2265"]
[BlackElo "2027"]
[PlyCount "48"]

1. e4 c5 2. b3 Nc6 3. Bb2 d6 4. f4 e5 5. fxe5 Qh4+ 6. Ke2 Qxe4+ 7. Kf2 Nxe5 8.
Bxe5 Qxe5 9. Bb5+ Bd7 10. Nf3 Qxa1 11. Qe2+ Ne7 12. Bxd7+ Kxd7 13. Qb5+ Kc7 14.
Re1 Qxa2 15. Qc4 Rc8 16. Nc3 Qa6 17. Qxf7 Kb8 18. Rxe7 Bxe7 19. Qxe7 Rce8 20.
Qg5 h6 21. Qxg7 d5 22. Nxd5 Qe2+ 23. Kg1 Rhg8 24. Qc7+ Ka8 0-1

[Event "39 Mar del Plata open"]
[Site "?"]
[Date "2008.03.16"]
[Round "2"]
[White "Miranda Romo, Daniel"]
[Black "Zamorano, Jorge"]
[Result "1/2-1/2"]
[WhiteElo "2043"]
[BlackElo "2254"]
[PlyCount "139"]

1. c4 Nf6 2. Nc3 g6 3. Nf3 Bg7 4. d4 d6 5. Bg5 O-O 6. e3 c5 7. Bd3 Nc6 8. d5
Nb4 9. Bb1 e6 10. a3 Na6 11. O-O Nc7 12. e4 h6 13. Bh4 e5 14. h3 Qe8 15. Qd2
Nh5 16. b4 b6 17. Bc2 Bd7 18. bxc5 bxc5 19. Rab1 Qc8 20. Kh2 Nf4 21. Bg3 g5 22.
Rfe1 Qa6 23. Bd3 Nxd3 24. Qxd3 Rab8 25. a4 Rxb1 26. Rxb1 f5 27. exf5 Bxf5 28.
Ne4 Qxa4 29. Nfd2 Qa6 30. Qb3 Bc8 31. Rb2 Rd8 32. Ra2 Qb6 33. Qa3 Na6 34. Rb2
Nb4 35. f3 Bd7 36. Bf2 Kf7 37. g4 Bf8 38. h4 Be7 39. hxg5 hxg5 40. Be3 Rg8 41.
Qc3 a5 42. Nb1 Qd8 43. Qd2 Bc8 44. Na3 Rg6 45. Kg3 Kg7 46. Nb5 Bd7 47. Na3 Qh8
48. Bxg5 Bxg5 49. Nxg5 Qd8 50. Ne4 Rh6 51. Qg5+ Qxg5 52. Nxg5 Rh1 53. Ne4 Rg1+
54. Kh2 Rf1 55. Kg2 Ra1 56. Nc2 Nxc2 57. Rxc2 a4 58. Nxd6 a3 59. Ne4 a2 60.
Nxc5 Rg1+ 61. Kxg1 a1=Q+ 62. Kg2 Qd1 63. Ra2 Bc8 64. Ra7+ Kg6 65. Rc7 Qe2+ 66.
Kg3 Qe1+ 67. Kg2 e4 68. Rc6+ Kg7 69. Rc7+ Kg6 70. Rc6+ 1/2-1/2

[Event "39 Mar del Plata open"]
[Site "?"]
[Date "2008.03.16"]
[Round "2"]
[White "Needleman, Alejandro"]
[Black "Ferraro, Hugo"]
[Result "1-0"]
[WhiteElo "2355"]
[BlackElo "2094"]
[PlyCount "73"]

1. c4 c5 2. Nf3 Nf6 3. d4 cxd4 4. Nxd4 g6 5. g3 Nc6 6. Bg2 Bg7 7. Nc3 O-O 8.
O-O a6 9. Nc2 Rb8 10. a4 d6 11. Ne3 Nd7 12. h3 Nce5 13. Bd2 Nb6 14. b3 Be6 15.
Kh2 Bd7 16. a5 Nc8 17. Ncd5 e6 18. Nf4 Bc6 19. Ra2 Bxg2 20. Kxg2 Qe8 21. f3 f5
22. h4 Nf7 23. Bb4 Bh6 24. Rh1 Qe7 25. h5 g5 26. Ng6 hxg6 27. hxg6 Bg7 28.
gxf7+ Kxf7 29. Rd2 Qc7 30. Bxd6 Nxd6 31. Rxd6 Rbd8 32. c5 Qxa5 33. Nxf5 Bf6 34.
Rd7+ Kg6 35. Rh6+ Kxf5 36. Qd3+ Ke5 37. Qe4# 1-0

[Event "39 Mar del Plata open"]
[Site "?"]
[Date "2008.03.16"]
[Round "2"]
[White "Needleman, Gaston"]
[Black "Fernandez, Cesar Luis"]
[Result "1-0"]
[WhiteElo "2406"]
[BlackElo "2115"]
[PlyCount "49"]

1. e4 e5 2. Nf3 Nc6 3. Bb5 a6 4. Ba4 Nf6 5. O-O b5 6. Bb3 Bc5 7. d3 h6 8. Nc3
d6 9. Nd5 Bg4 10. c3 Ba7 11. h3 Bh5 12. Nxf6+ Qxf6 13. g4 Bg6 14. Bd5 Kd7 15.
a4 Bb6 16. axb5 axb5 17. Rxa8 Rxa8 18. g5 Qe7 19. Nh4 h5 20. Nf5 Qf8 21. d4 Rb8
22. Bxc6+ Kxc6 23. dxe5 Kd7 24. exd6 cxd6 25. Nxd6 1-0

[Event "39 Mar del Plata open"]
[Site "?"]
[Date "2008.03.16"]
[Round "2"]
[White "Nejanky, Maisa"]
[Black "Roselli, Bernardo"]
[Result "0-1"]
[WhiteElo "2117"]
[BlackElo "2420"]
[PlyCount "56"]

1. e4 e6 2. d4 d5 3. Nc3 Bb4 4. e5 b6 5. Qg4 Bf8 6. Bg5 Qd7 7. h4 h6 8. Bf4 Ba6
9. Nge2 Nc6 10. h5 Bxe2 11. Bxe2 Nxd4 12. Bd3 c5 13. O-O-O Ne7 14. Rhe1 O-O-O
15. Kb1 Kb7 16. Be3 Nec6 17. f4 a6 18. Bf1 Qc7 19. Bg1 Rg8 20. Rd2 Be7 21. Qh3
b5 22. Nd1 b4 23. g4 Qa5 24. Be3 Nb5 25. Ka1 d4 26. Bg1 b3 27. Qxb3 Qxd2 28.
Bxb5 Qc1# 0-1

[Event "39 Mar del Plata open"]
[Site "?"]
[Date "2008.03.16"]
[Round "2"]
[White "Perdomo, Carlos"]
[Black "Amed, Stephanie"]
[Result "1-0"]
[WhiteElo "2351"]
[BlackElo "2083"]
[PlyCount "73"]

1. c4 g6 2. Nc3 Bg7 3. g3 e5 4. Bg2 Nc6 5. Rb1 a5 6. a3 d6 7. e3 Be6 8. Nd5
Nge7 9. Ne2 O-O 10. b4 Qd7 11. b5 Nd8 12. b6 c6 13. Nc7 Rc8 14. Qa4 d5 15. Nxe6
Nxe6 16. O-O Rfd8 17. cxd5 Nxd5 18. Rd1 Qd6 19. e4 Ne7 20. d3 c5 21. Be3 Nd4
22. Nxd4 cxd4 23. Bd2 Qc6 24. Rb5 Qc2 25. Rxa5 Qxa4 26. Rxa4 Ra8 27. Rc4 Nc6
28. a4 Ra6 29. Rxc6 bxc6 30. a5 Bf8 31. Rc1 c5 32. f4 f6 33. fxe5 fxe5 34. Bh3
Rda8 35. Be6+ Kh8 36. Bc4 Rxa5 37. b7 1-0

[Event "39 Mar del Plata open"]
[Site "?"]
[Date "2008.03.16"]
[Round "2"]
[White "Pierrot, Facundo"]
[Black "Saralegui, Luis"]
[Result "1-0"]
[WhiteElo "2450"]
[BlackElo "2118"]
[PlyCount "71"]

1. e4 c6 2. d4 d5 3. Nd2 dxe4 4. Nxe4 Bf5 5. Ng3 Bg6 6. h4 h6 7. Nf3 Nd7 8. h5
Bh7 9. Bd3 Bxd3 10. Qxd3 Ngf6 11. Bf4 e6 12. O-O-O Nd5 13. Bd2 N7f6 14. Ne5 Qc7
15. c4 Nb6 16. Bf4 Qd8 17. Rhe1 Be7 18. Qe2 O-O 19. Ne4 Nxe4 20. Qxe4 Bf6 21.
Re3 Qe7 22. Rg3 Bh4 23. Rh3 Bg5 24. Bxg5 Qxg5+ 25. f4 Qe7 26. g4 Rad8 27. Rg3
Nd7 28. Nd3 Qd6 29. Qe3 Nf6 30. Nc5 Qc7 31. Qe5 Rd6 32. g5 hxg5 33. Qxg5 Ne8
34. h6 f6 35. Qh5 Qa5 36. hxg7 1-0

[Event "39 Mar del Plata open"]
[Site "?"]
[Date "2008.03.18"]
[Round "2"]
[White "Ronco, Raul"]
[Black "Alonso, Salvador"]
[Result "0-1"]
[WhiteElo "2105"]
[BlackElo "2404"]
[PlyCount "70"]

1. d4 d5 2. c4 c6 3. Nf3 Nf6 4. Nc3 dxc4 5. a4 Bf5 6. e3 e6 7. Bxc4 Bb4 8. O-O
O-O 9. Qe2 Bg6 10. Ne5 Nbd7 11. Nxg6 hxg6 12. Rd1 Qe7 13. e4 e5 14. dxe5 Nxe5
15. Bb3 Rfe8 16. f3 a5 17. Be3 Bc5 18. Rd2 g5 19. Kh1 Nfd7 20. Rad1 Bxe3 21.
Qxe3 Nc5 22. Ba2 b6 23. Rd6 Rad8 24. Rxd8 Rxd8 25. Rxd8+ Qxd8 26. h4 gxh4 27.
f4 Qd3 28. Qe1 Ng4 29. e5 Kf8 30. Bb1 Qe3 31. Qxe3 Nxe3 32. Be4 Nxe4 33. Nxe4
Ke7 34. Kg1 g6 35. b3 Nd5 0-1

[Event "39 Mar del Plata open"]
[Site "?"]
[Date "2008.03.16"]
[Round "2"]
[White "Saralegui, Mario"]
[Black "Scarzello, Alejandro"]
[Result "1/2-1/2"]
[WhiteElo "2190"]
[BlackElo "2001"]
[PlyCount "86"]

1. d4 Nf6 2. c4 g6 3. Nc3 Bg7 4. e4 d6 5. f4 O-O 6. Nf3 c5 7. d5 e6 8. dxe6
fxe6 9. Bd3 Nc6 10. O-O Nd4 11. Ng5 e5 12. f5 a6 13. fxg6 hxg6 14. Qe1 Nh5 15.
Rxf8+ Qxf8 16. Nd5 b5 17. Be3 Bh6 18. Qd2 Ra7 19. Rf1 Qd8 20. Nf3 Bxe3+ 21.
Qxe3 Kg7 22. Nxd4 cxd4 23. Qf2 bxc4 24. Bxc4 Be6 25. Qd2 a5 26. b3 Qh4 27. Qc2
Rf7 28. Rxf7+ Bxf7 29. g3 Qg4 30. Be2 Qg5 31. Qc7 Qd2 32. Bf1 Nf6 33. Nxf6 Qe3+
34. Kg2 Kxf6 35. Qxd6+ Be6 36. Qf8+ Bf7 37. Qh8+ Ke6 38. Bc4+ Kd7 39. Qxe5 Bxc4
40. bxc4 d3 41. Qd5+ Kc8 42. Qc6+ Kd8 43. Qd6+ Kc8 1/2-1/2

[Event "39 Mar del Plata open"]
[Site "?"]
[Date "2008.03.16"]
[Round "2"]
[White "Tokman, Ariel"]
[Black "Goldwaser, Christian"]
[Result "0-1"]
[WhiteElo "2083"]
[BlackElo "2350"]
[PlyCount "68"]

1. e4 e6 2. d4 d5 3. Nd2 c5 4. Ngf3 cxd4 5. exd5 Qxd5 6. Bc4 Qd6 7. O-O Nf6 8.
Nb3 Nc6 9. Nbxd4 Nxd4 10. Nxd4 a6 11. a4 Bd7 12. Re1 Qc7 13. b3 Bb4 14. Re3
O-O-O 15. Bb2 Bd6 16. h3 Bh2+ 17. Kh1 Bf4 18. Rd3 e5 19. Ne2 e4 20. Nxf4 Qxf4
21. Rc3 Bxh3 22. Qg1 Bf5 23. Bxa6+ Kb8 24. Be2 Nd5 25. Rc5 Rd6 26. g4 Bxg4 27.
Bxg4 Rh6+ 28. Kg2 Qxg4+ 29. Kf1 Ne3+ 30. fxe3 Qf3+ 31. Ke1 Rh1 32. Be5+ Ka7 33.
Qxh1 Qxh1+ 34. Kd2 Rd8+ 0-1

[Event "39 Mar del Plata open"]
[Site "?"]
[Date "2008.03.16"]
[Round "2"]
[White "Tristan, Leonardo"]
[Black "Ordenes, Sergio"]
[Result "1-0"]
[WhiteElo "2345"]
[BlackElo "2074"]
[PlyCount "43"]

1. e4 e5 2. Nf3 d6 3. d4 Nf6 4. Nc3 Nbd7 5. Bc4 Be7 6. O-O h6 7. Qe2 c6 8. a4
Qc7 9. dxe5 dxe5 10. Nh4 Nc5 11. Nf5 Bf8 12. f4 Be6 13. b4 Bxc4 14. Qxc4 Ne6
15. fxe5 Qb6+ 16. Be3 Qxb4 17. Qxb4 Bxb4 18. Na2 g6 19. Nxb4 Ng4 20. Nd6+ Kf8
21. Rxf7+ Kg8 22. Re7 1-0

[Event "39 Mar del Plata open"]
[Site "?"]
[Date "2008.03.16"]
[Round "2"]
[White "Vargas, Gabriela"]
[Black "Meza, Hugo"]
[Result "1/2-1/2"]
[WhiteElo "2030"]
[BlackElo "2246"]
[PlyCount "75"]

1. d4 Nf6 2. Nf3 c5 3. d5 e6 4. c4 exd5 5. cxd5 d6 6. Nc3 g6 7. Bf4 Bg7 8. Qa4+
Bd7 9. Qb3 b5 10. Bxd6 Qb6 11. Nxb5 Qxb5 12. Qe3+ Kd8 13. Be7+ Kc8 14. Rc1 Nxd5
15. Rxc5+ Nc6 16. Qd2 Qxb2 17. Qxb2 Bxb2 18. Bd6 Nb6 19. Rc2 Bg7 20. e3 Kb7 21.
Ng5 Bf5 22. e4 Bxe4 23. Nxe4 Rhe8 24. f3 f5 25. Bb5 Rac8 26. O-O fxe4 27. Rfc1
Bd4+ 28. Kf1 Be3 29. Bxc6+ Rxc6 30. Rxc6 Bxc1 31. Rxc1 exf3 32. Rc7+ Ka6 33.
gxf3 Re6 34. Bc5 h5 35. Kf2 Kb5 36. a4+ Kxa4 37. Rxa7+ Kb5 38. Bxb6 1/2-1/2

[Event "39 Mar del Plata open"]
[Site "?"]
[Date "2008.03.16"]
[Round "3"]
[White "Alpern, Adrian Pablo"]
[Black "Perdomo, Carlos"]
[Result "0-1"]
[WhiteElo "2187"]
[BlackElo "2351"]
[PlyCount "80"]

1. b3 c5 2. Bb2 Nc6 3. Nf3 Nf6 4. c4 e6 5. e3 Be7 6. Be2 O-O 7. O-O d5 8. d4
dxc4 9. Bxc4 a6 10. a3 b5 11. Be2 Qb6 12. Qc2 cxd4 13. Nxd4 Bb7 14. Nd2 Rac8
15. Qb1 Rfd8 16. Rd1 Nd5 17. N2f3 Na5 18. Rc1 Bf6 19. Rxc8 Rxc8 20. e4 Nc3 21.
Bxc3 Rxc3 22. b4 Nc6 23. Nxc6 Qxc6 24. Qd1 Qxe4 25. a4 Rc8 26. Ra2 Bd5 27. Rd2
Qxb4 28. axb5 axb5 29. h3 h6 30. Nd4 Bg5 31. Rc2 Rxc2 32. Nxc2 Qa4 33. Bd3 b4
34. Qb1 b3 35. Ne3 Bxe3 36. fxe3 Qa2 37. e4 Bc4 38. Kh2 Qxb1 39. Bxb1 Be2 40.
Kg3 Bd1 0-1

[Event "39 Mar del Plata open"]
[Site "?"]
[Date "2008.03.16"]
[Round "3"]
[White "Cornejo, Max"]
[Black "Lopez, Diego"]
[Result "1-0"]
[WhiteElo "2338"]
[BlackElo "2129"]
[PlyCount "105"]

1. e4 c5 2. c3 d5 3. exd5 Qxd5 4. d4 Nf6 5. Nf3 Bg4 6. Be2 cxd4 7. cxd4 e6 8.
Nc3 Qa5 9. h3 Bh5 10. Bd2 Bb4 11. a3 Bxc3 12. bxc3 Nc6 13. c4 Qc7 14. d5 exd5
15. g4 Bg6 16. g5 Ne4 17. cxd5 Nxd2 18. Nxd2 Ne5 19. Bb5+ Kf8 20. Qb3 Qe7 21.
Qe3 a6 22. Be2 Re8 23. Kf1 h6 24. gxh6 Rxh6 25. Rc1 Bh5 26. Bxh5 Rxh5 27. Rg1
Qd7 28. Rg3 Qxd5 29. Qc5+ Qxc5 30. Rxc5 Rh6 31. Rc7 Rd6 32. Ne4 Rd7 33. Rxd7
Nxd7 34. Nd6 Re5 35. Nxb7 Ke7 36. Re3 Rxe3 37. fxe3 Ke6 38. Nd8+ Kd5 39. Nxf7
Kc4 40. Ke2 Kb3 41. e4 Kxa3 42. e5 Kb2 43. e6 Nf6 44. Nd6 Kc3 45. e7 Kd4 46.
Nf5+ Ke4 47. Nxg7 a5 48. h4 a4 49. Kd2 Ke5 50. h5 Kd6 51. e8=Q Nxe8 52. Nxe8+
Ke7 53. h6 1-0

[Event "39 Mar del Plata open"]
[Site "?"]
[Date "2008.03.16"]
[Round "3"]
[White "Covas, Guillermo Maximilia"]
[Black "Needleman, Alejandro"]
[Result "0-1"]
[WhiteElo "2192"]
[BlackElo "2355"]
[PlyCount "66"]

1. e4 c5 2. Nc3 e6 3. g3 d5 4. d3 dxe4 5. Nxe4 Be7 6. Qg4 Kf8 7. Be3 Nc6 8. c3
b6 9. Qe2 Ba6 10. f4 f5 11. Nd2 e5 12. fxe5 Nxe5 13. c4 Bb7 14. Ndf3 Bf6 15.
O-O-O Qd6 16. Bg2 Ng4 17. Bf4 Qe7 18. Qd2 Re8 19. Re1 Qd7 20. Rxe8+ Qxe8 21.
Nh3 Qa8 22. Bd6+ Ne7 23. Qf4 g6 24. Re1 h6 25. Bxe7+ Bxe7 26. Nh4 Rg8 27. Qc7
Bxh4 28. Bxb7 Qd8 29. Qxd8+ Bxd8 30. Nf4 Bg5 31. Re2 Rg7 32. Bf3 Re7 33. h3 Ne5
{tiempo} 0-1

[Event "39 Mar del Plata open"]
[Site "?"]
[Date "2008.03.16"]
[Round "3"]
[White "Cristobal, Manuel"]
[Black "Farace, Daniel"]
[Result "1-0"]
[WhiteElo "2174"]
[BlackElo "2102"]
[PlyCount "65"]

1. d4 Nf6 2. Nf3 d6 3. Bg5 Nbd7 4. e3 g6 5. Bd3 Bg7 6. c3 c5 7. Nbd2 O-O 8. Qe2
e5 9. O-O exd4 10. cxd4 d5 11. dxc5 Nxc5 12. Bc2 Qb6 13. Rab1 Bd7 14. b4 Ne6
15. Bh4 Rac8 16. Bd3 Rc3 17. Bg3 Ne4 18. Be5 Bxe5 19. Nxe5 Ba4 20. Bxe4 dxe4
21. Nxe4 Bb5 22. Qf3 Rc2 23. Nf6+ Kg7 24. Nfd7 Qc7 25. Qf6+ Kg8 26. Ng4 h5 27.
Nh6+ Kh7 28. Nxf8+ Nxf8 29. Nxf7 Kg8 30. Nh6+ Kh7 31. Qxf8 Bxf1 32. Nf7 Qc3 33.
Ng5# 1-0

[Event "39 Mar del Plata open"]
[Site "?"]
[Date "2008.03.16"]
[Round "3"]
[White "Cuevas, Alex"]
[Black "Roque, Fernando"]
[Result "1-0"]
[WhiteElo "2165"]
[BlackElo "1951"]
[PlyCount "47"]

1. e4 c5 2. Nf3 d6 3. d4 cxd4 4. Nxd4 Nf6 5. Nc3 a6 6. Bg5 e6 7. f4 Be7 8. Qf3
O-O 9. O-O-O Nc6 10. Bxf6 Bxf6 11. e5 Nxd4 12. Rxd4 Be7 13. exd6 Bf6 14. Rd3
Bxc3 15. Rxc3 Qxd6 16. Bc4 Qe7 17. Bb3 Ra7 18. Rd1 b5 19. Qc6 Bb7 20. Qb6 Bxg2
21. Rg1 Bd5 22. Bxd5 exd5 23. Re3 Qd7 24. Rxg7+ 1-0

[Event "39 Mar del Plata open"]
[Site "?"]
[Date "2008.03.16"]
[Round "3"]
[White "Dimuro, Matias"]
[Black "De Dovittis, Alejo"]
[Result "0-1"]
[WhiteElo "2143"]
[BlackElo "2326"]
[PlyCount "90"]

1. e4 e6 2. d4 d5 3. Nc3 Bb4 4. e5 Qd7 5. Nf3 b6 6. Bd2 Ne7 7. Bd3 Ba6 8. Bxa6
Nxa6 9. Qe2 Nb8 10. O-O O-O 11. Nd1 Bxd2 12. Qxd2 c5 13. Re1 Nf5 14. dxc5 bxc5
15. c4 dxc4 16. Qf4 Nd4 17. Ne3 Nbc6 18. Nxd4 cxd4 19. Nxc4 Qd5 20. b3 Rad8 21.
Rad1 Rd7 22. Rd2 h6 23. Nb2 Qa5 24. Nc4 Qd5 25. Nb2 Qa5 26. Nc4 Qc3 27. Red1 d3
28. Qe4 Nb4 29. a3 Rd4 30. Qb7 Qxb3 31. axb4 Qxc4 32. Qxa7 Qxb4 33. h3 Rfd8 34.
Qa6 Qc3 35. Qb7 R4d5 36. Qa6 Qxe5 37. Rxd3 Rxd3 38. Rxd3 Qe1+ 39. Kh2 Rxd3 40.
Qxd3 Qxf2 41. Qe4 Qf5 42. Qd4 Qd5 43. Qf4 e5 44. Qf5 g6 45. Qc8+ Kg7 0-1

[Event "39 Mar del Plata open"]
[Site "?"]
[Date "2008.03.16"]
[Round "3"]
[White "Fidel, Roberto"]
[Black "Garcia Barciela, Leonardo"]
[Result "1-0"]
[WhiteElo "2168"]
[BlackElo "2025"]
[PlyCount "81"]

1. d4 d5 2. Nf3 Nf6 3. c4 c6 4. g3 Bf5 5. Nbd2 e6 6. Bg2 h6 7. O-O Be7 8. b3
O-O 9. Bb2 Nbd7 10. Ne5 Bb4 11. a3 Bxd2 12. Qxd2 Ne4 13. Qe3 f6 14. Nxd7 Qxd7
15. f3 Nd6 16. Qc3 Rae8 17. c5 Nb5 18. Qb4 Bh7 19. e4 Qc8 20. Rae1 Bg6 21. Bh3
f5 22. exd5 exd5 23. Bc1 Rxe1 24. Rxe1 Re8 25. Re5 Rxe5 26. dxe5 Nc7 27. f4 Ne6
28. Be3 Qc7 29. Qd2 h5 30. Qd3 Qf7 31. b4 a6 32. Qd1 Kh7 33. Bf1 Kg8 34. a4 Qe7
35. Qc2 h4 36. Bd3 hxg3 37. hxg3 Qf8 38. g4 Nxf4 39. Bxf4 fxg4 40. Bxg6 Qxf4
41. Qf2 1-0

[Event "39 Mar del Plata open"]
[Site "?"]
[Date "2008.03.16"]
[Round "3"]
[White "Goldwaser, Cristian"]
[Black "Oddone, Cristhian"]
[Result "1-0"]
[WhiteElo "2350"]
[BlackElo "2145"]
[PlyCount "65"]

1. Nf3 c5 2. c4 Nc6 3. d4 cxd4 4. Nxd4 Nf6 5. Nc3 e6 6. e4 Bb4 7. Nxc6 bxc6 8.
Bd3 e5 9. O-O O-O 10. Be3 Qa5 11. Na4 Be7 12. c5 d5 13. cxd6 Bxd6 14. Qc2 Ba6
15. Bxa6 Qxa6 16. Rac1 Rac8 17. Qc4 Qb5 18. f3 Be7 19. Rc2 Rfd8 20. Rfc1 Qb7
21. Nc5 Bxc5 22. Qxc5 Nd7 23. Qxa7 Qxa7 24. Bxa7 Ra8 25. Be3 Rxa2 26. Rd1 Kf8
27. Bb6 Rb8 28. Bc7 Rb7 29. Rxd7 Ke8 30. Rcd2 Rbxb2 31. Rd8+ Ke7 32. Rxb2 Rxb2
33. Rb8 1-0

[Event "39 Mar del Plata open"]
[Site "?"]
[Date "2008.03.16"]
[Round "3"]
[White "Leskovar, Mario"]
[Black "Sandoval, Teofilo"]
[Result "1-0"]
[WhiteElo "2355"]
[BlackElo "2158"]
[PlyCount "125"]

1. e4 e6 2. d4 d5 3. Nc3 Nf6 4. Bg5 Bb4 5. Nge2 h6 6. Bxf6 Qxf6 7. a3 Bxc3+ 8.
Nxc3 dxe4 9. Nxe4 Qe7 10. Bd3 Nd7 11. O-O O-O 12. Re1 b6 13. Qf3 Rb8 14. Qg3
Qd8 15. Rad1 Bb7 16. c4 Bxe4 17. Bxe4 Nf6 18. d5 Nxe4 19. Rxe4 exd5 20. cxd5
Qd7 21. Rg4 f5 22. Rc4 c5 23. b4 Rbc8 24. bxc5 bxc5 25. h3 Rf6 26. Qe3 Qd6 27.
f4 Rf7 28. Qe5 Qa6 29. Qc3 Qd6 30. Qe5 Qa6 31. Rc3 Qa4 32. Re1 Rff8 33. d6 Rcd8
34. Rxc5 Qxa3 35. Rc7 Qg3 36. Rxa7 Rf6 37. Re3 Qg6 38. Kh2 Rf7 39. Rxf7 Qxf7
40. Rc3 Qf6 41. Qxf6 gxf6 42. Rd3 Kf7 43. Kg3 Rd7 44. Kh4 Kg6 45. Rd4 h5 46.
Rd5 Kh6 47. Rxf5 Rxd6 48. Rxh5+ Kg6 49. Ra5 Rd2 50. g4 Rd3 51. Ra6 Rf3 52. f5+
Kg7 53. Rb6 Rd3 54. Rb7+ Kh6 55. Rf7 Rd6 56. Rxf6+ Rxf6 57. g5+ Kg7 58. gxf6+
Kxf6 59. Kg4 Kf7 60. Kg5 Kg7 61. f6+ Kf7 62. Kf5 Kf8 63. Ke6 1-0

[Event "39 Mar del Plata open"]
[Site "?"]
[Date "2008.03.16"]
[Round "3"]
[White "Lo Presti, Roberto"]
[Black "Tristan, Leonardo"]
[Result "1/2-1/2"]
[WhiteElo "2148"]
[BlackElo "2345"]
[PlyCount "109"]

1. e4 c5 2. Nf3 d6 3. d4 cxd4 4. Nxd4 Nf6 5. Nc3 g6 6. Be3 Bg7 7. f3 Nc6 8. Qd2
O-O 9. Bc4 Bd7 10. O-O-O Rc8 11. Bb3 Nxd4 12. Bxd4 b5 13. h4 a5 14. e5 dxe5 15.
Bxe5 Bc6 16. Qe3 Qe8 17. h5 a4 18. Bd5 Bxd5 19. Nxd5 Nxd5 20. Rxd5 Qc6 21. Rd2
Qe6 22. Re2 Qxa2 23. Qa3 Qc4 24. Qe3 Bxe5 25. Qxe5 Qa2 26. h6 f6 27. Qxe7 Qa1+
28. Kd2 Rfd8+ 29. Ke3 Re8 30. Rxa1 Rxe7+ 31. Kf2 Rxe2+ 32. Kxe2 Rxc2+ 33. Kd3
Rxb2 34. Rc1 Rxg2 35. Rc8+ Kf7 36. Rc7+ Ke6 37. Rxh7 Kd5 38. Rh8 Rg3 39. Rd8+
Ke5 40. h7 Rxf3+ 41. Kc2 Rh3 42. h8=Q Rxh8 43. Rxh8 g5 44. Rf8 Kd4 45. Rxf6 Ke3
46. Rg6 Kf4 47. Rb6 Kf3 48. Rxb5 g4 49. Rf5+ Ke2 50. Re5+ Kf3 51. Kd2 g3 52.
Rf5+ Kg4 53. Ra5 g2 54. Rxa4+ Kf3 55. Ra1 1/2-1/2

[Event "39 Mar del Plata open"]
[Site "?"]
[Date "2008.03.16"]
[Round "3"]
[White "Lovece, Ruth"]
[Black "Saralegui, Mario"]
[Result "0-1"]
[WhiteElo "2006"]
[BlackElo "2190"]
[PlyCount "86"]

1. e4 e5 2. Nf3 Nc6 3. Bb5 a6 4. Ba4 Nf6 5. O-O b5 6. Bb3 Bc5 7. c3 d6 8. d3 h6
9. Nbd2 O-O 10. Re1 Ne7 11. Nf1 Ng6 12. Ng3 Bg4 13. h3 Bd7 14. Be3 Bb6 15. Qd2
Bxe3 16. fxe3 c5 17. Rf1 Qc7 18. Bc2 Rad8 19. d4 cxd4 20. cxd4 Bc8 21. Rac1 Qb8
22. Qf2 Be6 23. Nd2 Rc8 24. Nf5 Bxf5 25. Qxf5 Qb6 26. Qf2 Rc7 27. Bb3 Rfc8 28.
Rxc7 Rxc7 29. Kh1 a5 30. g4 a4 31. Bd1 Rc1 32. h4 Qb7 33. h5 Nf8 34. Qf5 Ne6
35. dxe5 dxe5 36. Qxe5 Qd7 37. Qh2 Nxe4 38. Nxe4 Rxd1 39. Qe2 Rxf1+ 40. Qxf1
Qc6 41. Qg2 Qc1+ 42. Kh2 Qxe3 43. a3 Nf4 0-1

[Event "39 Mar del Plata open"]
[Site "?"]
[Date "2008.03.16"]
[Round "3"]
[White "Martin, Luis"]
[Black "Bibiloni, Jorge"]
[Result "1/2-1/2"]
[WhiteElo "1960"]
[BlackElo "2180"]
[PlyCount "37"]

1. Nf3 Nc6 2. d4 d5 3. c4 Bg4 4. cxd5 Bxf3 5. gxf3 Qxd5 6. e3 e5 7. Nc3 Bb4 8.
Bd2 Qd7 9. a3 Bd6 10. d5 Nce7 11. Bb5 c6 12. dxc6 bxc6 13. Ba6 Nf6 14. e4 Ng6
15. Bg5 Nh5 16. h4 h6 17. Be3 O-O 18. Qd2 Kh7 19. O-O-O 1/2-1/2

[Event "39 Mar del Plata open"]
[Site "?"]
[Date "2008.03.16"]
[Round "3"]
[White "Merlo, Carlos"]
[Black "Russo, Juan Jose"]
[Result "1-0"]
[WhiteElo "2181"]
[BlackElo "1816"]
[PlyCount "115"]

1. f4 d5 2. Nf3 Nf6 3. e3 g6 4. d4 Bg7 5. Bd3 O-O 6. Nbd2 b6 7. Ne5 c5 8. c3
Ba6 9. Bxa6 Nxa6 10. Qf3 Nc7 11. h4 Qd6 12. g4 h5 13. gxh5 Nxh5 14. Nf1 Ne8 15.
Ng3 Nef6 16. Nxh5 Nxh5 17. Bd2 Qe6 18. O-O-O Qf5 19. Qxd5 Ng3 20. Rh2 Rfd8 21.
Qg2 Nh5 22. Nc6 Qe6 23. Nxd8 Rxd8 24. Kb1 Rc8 25. Bc1 Nf6 26. Rg1 Kf8 27. h5
Ne8 28. hxg6 Qxg6+ 29. Qxg6 fxg6 30. Rxg6 Kf7 31. Rhg2 cxd4 32. cxd4 Bf6 33.
Bd2 Nd6 34. Bc3 Ne4 35. Kc2 b5 36. Kd3 Nxc3 37. bxc3 Ke6 38. e4 Kd7 39. e5 Bh4
40. Ra6 Rc7 41. d5 Kc8 42. f5 Kb7 43. Rh6 Be1 44. Rc2 Rd7 45. Ke4 Rc7 46. Rc6
Rd7 47. c4 b4 48. c5 Bc3 49. e6 a5 50. a3 Rd8 51. axb4 axb4 52. Rb6+ Kc7 53.
Ra2 Rb8 54. Ra7+ Kc8 55. Rc6+ Kd8 56. Rcc7 b3 57. Rxe7 b2 58. Rad7+ 1-0

[Event "39 Mar del Plata open"]
[Site "?"]
[Date "2008.03.16"]
[Round "3"]
[White "Meza, Hugo"]
[Black "Izaguirre, Carlos"]
[Result "1-0"]
[WhiteElo "2246"]
[BlackElo "2026"]
[PlyCount "53"]

1. d4 d5 2. c4 c6 3. cxd5 cxd5 4. Bf4 Nf6 5. e3 Qa5+ 6. Nc3 Ne4 7. Rc1 Nc6 8.
Bd3 Nxc3 9. bxc3 e6 10. Nf3 Be7 11. O-O O-O 12. c4 dxc4 13. Bxc4 Qd8 14. Bd3
Bd6 15. Bxd6 Qxd6 16. Rc5 g6 17. Be4 Re8 18. Bxc6 bxc6 19. Qe2 Bb7 20. Ne5 Rac8
21. Rfc1 Kg7 22. h3 Rc7 23. Nxc6 Rec8 24. Nxa7 Rxc5 25. dxc5 Qd5 26. e4 Rxc5
27. exd5 1-0